Macroeconomics

Αποθηκεύτηκε σε:
Λεπτομέρειες βιβλιογραφικής εγγραφής
Κύριος συγγραφέας: Wonnacott, Paul
Μορφή: Βιβλίο
Γλώσσα:English
Δημοσίευση: Homewood, Ill. : Irwin, 1978
Έκδοση:Rev. ed.
Σειρά:Irwin series in economics
Θέματα:
Ετικέτες: Προσθήκη ετικέτας
Δεν υπάρχουν, Καταχωρήστε ετικέτα πρώτοι!

MARC

LEADER 00000cam a2200000 i 4500
001 1/54480
008 951120s1978 eng d
020 |a 0-256-02032-9 (hbk.) 
020 |a 025601552X 
035 |l 10027690 
040 |a GR-MY-UA  |b gre  |e aacr 
041 0 |a eng 
082 0 |a 339 
100 1 |a Wonnacott, Paul. 
245 1 0 |a Macroeconomics /  |c Paul Wonnacott 
250 |a Rev. ed. 
260 |a Homewood, Ill. :   |b Irwin,   |c 1978 
300 |a xvi, 543 σ. 
490 1 |a Irwin series in economics 
504 |a Περιλαμβάνει βιβλιογραφία και ευρετήριο 
650 0 0 |a Macroeconomics. 
830 0 |a Irwin series in economics 
852 |a INST  |b CHIOS  |e 19951120  |h 339 WON  |p 005200005210  |q 005200005210  |t BK  |y 0 
909 |a Χ  |b 005067 
922 |a 2ΕΛΗ  |b 198611  |d GLORYBOOK-ECONOMIST 
970 |a ΣΠΕΝΤΖΑ  |b ΕΛΕΝΗ  |z 2000/06/22